000 00335nam a22001337a 4500
020 _a9780074515754
082 _222
_a621.3119
100 _aDeshpande, M. V.
245 _aElectrical power systems design /
250 _aNA
260 _aNew Delhi,
_bMcGrew Hill,
_cc2009.
300 _axii,362 p. ;
_bill. ;
_c24 cm.
942 _2ddc
_cEE
_08
999 _c1973
_d1973